Countries where Star Wars movies have been filmed - Statistics

General Stats
  • This quiz has been taken 287 times
  • The average score is 8 of 18
Answer Stats
Movies Country % Correct
IV, VI, United States
95%
I, II, III, R1, IV, V, VI, VII, VIII United Kingdom
82%
I, II, III Italy
67%
I, II, IV Tunisia
64%
II, Spain
63%
II, III Australia
61%
V Norway
61%
VII, VIII Ireland
60%
III China
58%
R1, VII Iceland
46%
III Switzerland
27%
III Thailand
26%
VII United Arab Emirates
23%
R1 Jordan
22%
VIII Croatia
20%
IV Guatemala
17%
R1 Maldives
14%
VIII Bolivia
13%
No matching quizzes found
Score Distribution
Percent of People with Each Score
Percentile by Number Answered
Your Score History
You have not taken this quiz